02188 2201033 4500001002100000008004100021035002000062245006700082100001800149250000600167260003400173300002900207020001800236084001400254082000800268650001400276990001200290990001200302990001200314990001200326990001200338990001200350990001200362990001200374990001200386990001200398990001200410990001200422990001200434990001200446990001200458990001200470990001200482990001200494990001200506990001200518990001200530990001200542990001200554990001200566990001200578990001200590990001200602990001200614990001200626990001200638990001200650990001200662990001200674990001200686990001200698990001200710990001200722990001200734990001200746990001200758990001200770990001200782990001200794990001200806990001200818990001200830990001200842990001200854990001200866990001200878990001200890990001200902990001200914990001200926990001200938990001200950990001200962990001200974990001200986990001200998990001201010990001201022990001201034990001201046990001201058990001201070990001201082990001201094990001201106990001201118990001201130990001201142INLIS000000000001497 ind  a0010-1124000020 aBuku Siswa Sejarah XI ( Peminatan ) Edisi RevisicRirin Darini aDarini, Ririn a1 aKlaten :bCempaka Putihc2016 a330 hlmc17.5 cm x 25 cm a979-662-586-4 a900 RIR s a900 aReferensi a0733545 a0733546 a0733547 a0733548 a0733549 a0733550 a0733551 a0733552 a0733553 a0733554 a0733555 a0733556 a0733557 a0733558 a0733559 a0733560 a0733561 a0733562 a0733563 a0733564 a0733565 a0733566 a0733567 a0733568 a0733569 a0733570 a0733571 a0733572 a0733573 a0733574 a0733575 a0733576 a0733577 a0733578 a0733579 a0733580 a0733581 a0733582 a0733583 a0733584 a0733585 a0733586 a0733587 a0733588 a0733589 a0733590 a0733591 a0733592 a0733593 a0733594 a0733595 a0733596 a0733597 a0733598 a0733599 a0733600 a0733601 a0733602 a0733603 a0733604 a0733605 a0733606 a0733607 a0733608 a0733609 a0733610 a0733611 a0733612 a0733613 a0733614 a0733615 a0733616